Normal view
MARC view
- Decosse, David.E
Entry Personal Name
001 - CONTROL NUMBER
- control field: 79837
003 - CONTROL NUMBER IDENTIFIER
- control field: NUST
005 - DATE AND TIME OF LATEST TRANSACTION
- control field: 20210628210532.0
008 - FIXED-LENGTH DATA ELEMENTS
- fixed length control field: 210628|| aca||aabn | a|a d
040 ## - CATALOGING SOURCE
- Original cataloging agency: NUST
- Transcribing agency: NUST
100 ## - HEADING--PERSONAL NAME
- Personal name: Decosse, David.E
670 ## - SOURCE DATA FOUND
- Source citation: Work cat.: (NUST): Decosse, David.E, But was it just? Reflections on the morality of the persian gulf war, 2000
